लौहपुरूषःसरदार वल्लभभाई पटेल / (Record no. 90838)
[ view plain ]
| 000 -LEADER | |
|---|---|
| fixed length control field | 01281nam a22002537a 4500 |
| 005 - DATE AND TIME OF LATEST TRANSACTION | |
| control field | 20180403122603.0 |
| 010 ## - LCCN (DPL NO) | |
| LC control number | HIN-104546 B-690208-209 बलिदानी |
| 020 ## - INTERNATIONAL STANDARD BOOK NUMBER | |
| Terms of availability | 200.00 |
| International Standard Book Number | 9788184302486 |
| 020 ## - INTERNATIONAL STANDARD BOOK NUMBER | |
| Terms of availability | 250.00 बलिदानी |
| International Standard Book Number | 9788184302486 |
| 035 ## - SYSTEM CONTROL NUMBER | |
| System control number | HN-76892 |
| 035 ## - SYSTEM CONTROL NUMBER | |
| System control number | B-690208-209 |
| 037 ## - SOURCE OF ACQUISITION | |
| Source of stock number/acquisition | DBAD / PUB |
| 037 ## - SOURCE OF ACQUISITION | |
| Source of stock number/acquisition | प्रभात |
| 082 ## - DEWEY DECIMAL CLASSIFICATION NUMBER | |
| Classification number | 921 |
| 100 ## - MAIN ENTRY--PERSONAL NAME | |
| Personal name | कपूर, सुशील |
| 245 ## - TITLE STATEMENT | |
| Title | लौहपुरूषःसरदार वल्लभभाई पटेल / |
| Statement of responsibility, etc | सुनील महावर |
| 246 ## - VARYING FORM OF TITLE | |
| Title proper/short title | Lohpurush Sardar Vallabh Bhai Patell |
| Remainder of title | by Sushil Kapoor |
| 260 ## - PUBLICATION, DISTRIBUTION, ETC. (IMPRINT) | |
| Place of publication, distribution, etc | नई दिल्ली |
| Name of publisher, distributor, etc | ओशियन बुक्स |
| Date of publication, distribution, etc | 2013 |
| -- | 2017( बलिदानी) |
| 270 ## - ADDRESS | |
| Address | 4/19 आसफ अली रोड |
| City | नई दिल्ली |
| Postal code | 110002 |
| 300 ## - PHYSICAL DESCRIPTION | |
| Extent | 151पृ. |
| Dimensions | 22 सेमी.(सजिल्द) |
| Other physical details | सचित्र |
| 500 ## - GENERAL NOTE | |
| General note | बलिदानी |
| 942 ## - ADDED ENTRY ELEMENTS (KOHA) | |
| Source of classification or shelving scheme | Dewey Decimal Classification |
| Item type | Hindi Books |
| Call number suffix | वल्लभ |
| Classification part | 921 |
| Withdrawn status | Lost status | Not for loan | Collection code | Home library | Current library | Date acquired | Source of acquisition | Cost, normal purchase price | Full call number | Barcode | Copy number | Cost, replacement price | Koha item type |
|---|---|---|---|---|---|---|---|---|---|---|---|---|---|
| Non-fiction | Central Library | Central Library | 03/04/2018 | प्रभात प्रकाशन PP/BL-5305/05.03.18/832/20.02.18/05.03.18 | 250.00 | 921 वल्लभ | B-690208 | 1 | 250.00 | Hindi Books | |||
| Not For Loan | Non-fiction | D.B.Act.Division | D.B.Act.Division | 19/01/2015 | DBAD / PUB | 200.00 | 921 वल्लभ | HN-76892 | 1 | 200.00 | Hindi Books | ||
| Non-fiction | Sarojini Nagar | Sarojini Nagar | 03/04/2018 | प्रभात प्रकाशन PP/BL-5305/05.03.18/832/20.02.18/05.03.18 | 250.00 | 921 वल्लभ | B-690209 | 1 | 250.00 | Hindi Books |
